| 000 | 00632nam a2200229Ia 4500 | ||
|---|---|---|---|
| 003 | OSt | ||
| 005 | 20220918204748.0 | ||
| 006 | a|||||r|||| 00| 0 | ||
| 007 | ta | ||
| 008 | 220917b |||||||| |||| 00| 0 eng d | ||
| 024 | _a114,008 | ||
| 037 | _cTextual | ||
| 040 |
_aARTS _cARTS _beng |
||
| 041 |
_2eng _aeng |
||
| 082 | _aV5:19qL14:9, G2 | ||
| 100 |
_aBolinmgbroks _9113013 |
||
| 245 | 0 |
_aDeference of the treaty of Utrecht _b being letters VI-VIII of the study and Use of history |
|
| 260 | _c1932 | ||
| 650 | _aHISTORY | ||
| 942 |
_hV5:19qL14:9, G2 _cTEXL _2CC |
||
| 999 |
_c237339 _d237339 |
||